000 00444nam a22001697a 4500
003 OSt
005 20211202103318.0
008 211202b |||||||| |||| 00| 0 eng d
020 _a0-316-36760-5
040 _aDDC
_cHU
082 _21ST
_a616.1025
_b3
100 _aHOESKSTRA JAMES W.
_921459
245 _aHANDBOOK OF CARDIOVASSCULAR EMERGENCIES
250 _a1ST
260 _aBOSTON
_bLITTLE EROWN AND COMPANY
_c1997
942 _2ddc
_cBOOKS
_n0
999 _c21102
_d21102